00463nam a2200157Ia 4500008004100000020001400041082001400055100001700069245004200086250000700128260005200135300002800187500001900215600002100234650005000255240925s9999 xx 000 0 und d a199455422 a006.3 PAD aPadhy, N. P. 0aSoft computing with MATLAB programing aNA aNew Delhi:bNew Oxford University Pressc,2015. axiv, 171p.b0fOriginal aIncludes Index aComputer Science aComputer science, information & general works